25 najlepszych klubów piłkarskich (męszczyzn) z ostatnich 4 sezonów - Statystyki

Ogólne statystyki
  • Ten quiz został rozwiązany 27 razy
  • Średni wynik to 14 z 25
Statystyki odpowiedzi
Punkty
Klub
% Poprawnych
83,250 Barcelona
100%
117,500 Real madryt
100%
107,250 Inter Mediolan
95%
77,500 Atletico madryt
90%
108,250 Bayern monachium
90%
102,750 Manchester city
90%
94,500 PSG
90%
76,000 Chelsea
86%
101,500 Liverpool
81%
76,500 Manchester united
81%
75,000 Arsenal
76%
80,500 As roma
62%
77,750 Benfica
62%
85,250 Bayer leverkusen
57%
65,000 Atalanta
52%
61,000 Rb Lipsk
52%
59,250 PSV
43%
59,000 Lazio
33%
84,750 BVB
24%
60,750 Club brugge
19%
62,000 Fiorentina
14%
67,000 Feyenord
10%
69,000 West ham
10%
66, 000 Ace Milan
5%
74,000 E. Frankfurt
5%
Nie znaleziono quizów pasujących do podanych kryteriów
Rozkład punktacji
Procent ludzi z każdym wynikiem
Percentyl według liczby udzielonych odpowiedzi
Twoja historia wyników
Nie rozwiązałeś tego quizu